logo

Bir Sreshtho Munshi Abdur Rouf Library
Jhenaidah Cadet College

The Handbook of Social Psychology / (Record no. 6975)

MARC details
000 -LEADER
fixed length control field 00619nam a2200229 a 4500
001 - CONTROL NUMBER
JCCL Control Number 6975
003 - CONTROL NUMBER IDENTIFIER
JCCL marc code BD-JhCC
005 - DATE AND TIME OF LATEST TRANSACTION
control field 20180210173940.0
008 - FIXED-LENGTH DATA ELEMENTS--GENERAL INFORMATION
fixed length control field 171210s1954 e |||| ||a| 000 0 eng d
035 ## - SYSTEM CONTROL NUMBER
system control number (BD-JhCC)6975
040 ## - CATALOGING SOURCE
Original cataloging agency BD-JhCC
Modifying agency BD-JhCC
041 ## - LANGUAGE CODE
Language code of Book ben
082 ## - DEWEY DECIMAL CLASSIFICATION NUMBER
Classification number 302
Author mark and Year LIN 1954
100 ## - MAIN ENTRY--PERSONAL NAME
Personal name Lindzey, Gardner
245 ## - TITLE STATEMENT
Title The Handbook of Social Psychology /
Statement of responsibility, etc Gardner Lindzey; Elliot Aronson
260 ## - PUBLICATION, DISTRIBUTION, ETC. (IMPRINT)
Place of publication, distribution, etc New York :
Name of publisher, distributor, etc American Publishung Co. Pvt. Ltd,
Date of publication, distribution, etc 1954.
300 ## - PHYSICAL DESCRIPTION
Pagination 694p. :
Dimensions 23 cm.
650 ## - SUBJECT ADDED ENTRY--TOPICAL TERM
Topical term or geographic name as entry element Social Psychology
700 ## - ADDED ENTRY--PERSONAL NAME
Personal name Aronson, Elliot
942 ## - ADDED ENTRY ELEMENTS (KOHA)
Source of classification or shelving scheme Dewey Decimal Classification
Koha item type Books
Holdings
Source of classification or shelving scheme Damaged status Not for loan Home library Current library Shelving location Date of accession Cost, normal purchase price Total Checkouts Full call number Barcode Date last seen Copy number Koha item type
Dewey Decimal Classification     JCC Rouf Library JCC Rouf Library General Stacks 02/03/2018 28.75   302 LIN 1954 8642 02/03/2018 C-1 Books

JCC Library | Contacts | JCC Home

Last Update on 23 September 2017
Copyright @ 2017-2020 JCC Rouf Library
Rouf Library, Jhenidah Cadet College (JCC), Bangladesh